| 000 | 00700nam a2200205 a 4500 | ||
|---|---|---|---|
| 005 | 20140412111244.0 | ||
| 008 | 001111s19uu xx 00 eng d | ||
| 020 | _a0-916-392-36-8 | ||
| 050 |
_aREF 303.3 _bJ63 1979 |
||
| 100 | _aJohnson, Spencer | ||
| 245 |
_aThe Value of honesty : _bthe story of Confucius / _cSpences Johnson ; illustrated by Steve Pillegi. |
||
| 260 |
_aLa Jolla, CA : _bValue Comm., Inc. Pub, _c1979. |
||
| 300 | _a63 p. ; col. ; ill. | ||
| 440 | _aA Value Tale Series | ||
| 520 | _aA biography of the Chinese Philospher and teacher emphasizing his ideas about value of honesty. | ||
| 650 | _aConfucius | ||
| 650 | _aPhilosophers | ||
| 650 | _aHonesty | ||
| 999 |
_c102863 _d102863 |
||